000 00530nam a2200181Ia 4500
003 GCL
008 140319s9999 xx 000 0 ara d
040 _aGCL /
_cGCL
082 0 4 _aط
_b813.01
_bع ح
100 1 _aعلى عبدالمنعم عبد الحميد
245 1 0 _aحبات العقد وقصص اخرى /
_cعلى عبدالمنعم عبد الحميد
300 _a96 ص
490 _aالينابيع
_v0
650 0 4 _aالاطفال
650 0 4 _aالقصص
650 0 4 _aقصص الاطفال
942 _2ddc
_cBK
999 _c47832
_d47832